MARC

LEADER 00000nam0a2200000 4500
001 276510
005 20231101234928.0
035 |a (RuTPU)RU\TPU\book\299782 
090 |a 276510 
100 |a 20141124d1984 km y0rusy50 ca 
101 0 |a rus 
102 |a RU 
105 |a a z 001zy 
200 1 |a Технический уровень производства машиностроительных предприятий: экономический анализ  |f А. П. Градов 
210 |a Ленинград  |c Машиностроение  |d 1984 
215 |a 173 с.  |c ил. 
320 |a Библиогр.: с. 169-171 
606 1 |a Машиностроительные заводы  |x Экономический анализ  |2 stltpush  |3 (RuTPU)RU\TPU\subj\41541  |9 61331 
610 1 |a технический уровень 
610 1 |a машиностроительные производства 
610 1 |a методы 
610 1 |a количественная оценка 
610 1 |a планирование 
610 1 |a техническое перевооружение 
675 |a 621.002:658.511  |v 3 
700 1 |a Градов  |b А. П.  |g Александр Павлович 
801 1 |a RU  |b 63413507  |c 20141124 
801 2 |a RU  |b 63413507  |c 20190328  |g RCR 
942 |c BK